| 000 | 00404cam a22001457a 4500 | ||
|---|---|---|---|
| 008 | 180718b1994 xxu||||| |||| 00| 0 eng d | ||
| 082 | _aI5372 L578 | ||
| 100 | _aLevine, John R. | ||
| 245 |
_aThe internet for dummies _cby John R. Levine and Carol Baroudi |
||
| 250 | _a2nd ed. | ||
| 260 |
_aNew Delhi _bIDG Books _c1994 |
||
| 300 | _a427+p. | ||
| 440 | _acomputer book series | ||
| 700 | _aBaroudi, Carol | ||
| 999 |
_c442081 _d442081 |
||